| 000 | 00000nam##2200000za#4500 |
| 001 | 9.530402 |
| 003 | CaOODSP |
| 005 | 20200401014947 |
| 007 | ta |
| 008 | 150406|1998||||xxc||||| f|0| 0 eng|d |
| 020 | |a0-660-60508-2 |
| 040 | |aCaOODSP|beng |
| 041 | |aeng |
| 041 | |afre |
| 043 | |an-cn--- |
| 086 | 1 |aBT31-2/1999-III-91 |
| 110 | 1 |aCanada. |bTreasury Board. |
| 245 | 10|aCitizenship and Immigration Canada |
| 260 | |aOttawa - Ontario : |bTreasury Board of Canada Secretariat |c1998. |
| 300 | |aEnglish text, 32p. : |borganization chart, tables ; |c28 cm. |
| 490 | 1 |a1998-99 estimates, part III: Report on plans and priorities |
| 546 | |aBilingual |
| 563 | |aSoftcover |
| 590 | |a98-14|b1998-04-03 |
| 776 | 0#|tCitoyenneté et Immigration Canada, rapport sur les plans et les priorités de 1998–1999 |w(CaOODSP)9.599011 |
| 776 | 0#|tCitizenship and Immigration Canada, report on plans and priorities, 1998–99 |w(CaOODSP)9.567680 |
| 792 | |tCitoyenneté et Immigration Canada |efre|w(CaOODSP)9.530403 |
| 830 | #0|a1998-99 estimates, part III: Report on plans and priorities.|w(CaOODSP)9.508960 |